The life of Sir William Petty, 1623-1687 ... : chiefly derived from private documents hitherto unpublished.

Bibliographic Details
Main Author: Fitzmaurice, Edmond George Petty-Fitzmaurice, Baron, 1846-1935
Format: Book
Language:English
Published: London : J. Murray, 1895.
Subjects:

MARC

Tag First Indicator Second Indicator Subfields
LEADER 00000cam a2200000 4500
001 in00000063394
005 20151008051744.0
008 740612s1895 enkabcf 00000 eng
010 |a  01026234  
035 |a (OCoLC)00916167 
035 |9 AAG9798AM 
040 |a DLC  |c WOO  |d TXA  |d UtOrBLW 
049 |a TXAM  |c [162948] 
050 0 0 |a HB103.P5  |b F5 
092 |a 330.1  |b P5123f 
100 1 |a Fitzmaurice, Edmond George Petty-Fitzmaurice,  |c Baron,  |d 1846-1935. 
245 1 4 |a The life of Sir William Petty, 1623-1687 ... :  |b chiefly derived from private documents hitherto unpublished. 
264 1 |a London :  |b J. Murray,  |c 1895. 
300 |a 335 pages :  |b illustrations, map. ;  |c 23 cm. 
336 |a text  |b txt  |2 rdacontent 
337 |a unmediated  |b n  |2 rdamedia 
338 |a volume  |b nc  |2 rdacarrier 
600 1 0 |a Petty, William,  |c Sir,  |d 1623-1687. 
999 |a MARS 
999 f f |s 53cc1e6c-01d6-3b7e-8251-72e14f1f9fde  |i dfbdea9b-14b8-3c43-8f3d-8cbc39d546c4  |t 0 
952 f f |p normal  |a Texas A&M University  |b College Station  |c Sterling C. Evans Library  |d Evans: Library Stacks  |t 0  |e HB103.P5 F5  |h Library of Congress classification  |i unmediated -- volume  |m A14800691476 
998 f f |a HB103.P5 F5  |t 0  |l Evans: Library Stacks